Využitie virtuálnej reality v oblasti elektroenergetiky

Enregistré dans:
Détails bibliographiques
Auteur principal: Števek, Ondrej (Auteur)
Autres auteurs: Bendík, Jozef (Directeur de thèse)
Format: Manuscrit Livre
Langue:slovaque
Publié: 2025
Sujets:
Accès en ligne:http://is.stuba.sk/zp/portal_zp.pl?podrobnosti=192316
Tags: Ajouter un tag
Pas de tags, Soyez le premier à ajouter un tag!

MARC

LEADER 00000ntm a22000003a 4500
001 stuzp102286
003 SK-STU
005 20250614211127.9
007 ta
008 150427s2015----xo-----f-mn---000-0-slo-d
040 |a STU  |b slo 
041 0 |a slo 
100 1 |a Števek, Ondrej  |u 032000  |4 aut  |U FEI Fakulta elektrotechniky a informatiky  |T FEI Ústav elektroenergetiky a aplikovanej elektrotechniky  |X 122170  |U E020  |Y 548  |7 122170 
242 0 1 |a The Use of Virtual Reality in the Field of Power Engineering  |y eng 
245 1 0 |a Využitie virtuálnej reality v oblasti elektroenergetiky 
260 |c 2025 
650 4 |a Electrical engineering  |2 eng 
650 4 |a Virtual Tour  |2 eng 
650 4 |a Virtual Reality  |2 eng 
650 4 |a Elektrotechnika  |2 slo 
650 4 |a Virtuálna realita  |2 slo 
650 4 |a Virtuálna prehliadka  |2 slo 
700 1 |a Bendík, Jozef  |u 032000  |k Z1  |4 ths  |U FEI Fakulta elektrotechniky a informatiky  |T FEI Ústav elektroenergetiky a aplikovanej elektrotechniky  |X 6068  |U E020  |Y 548  |7 A000006068 
856 4 |u http://is.stuba.sk/zp/portal_zp.pl?podrobnosti=192316